000 00748nam a22002297a 4500
005 20170124105935.0
010 _aB-209626
020 _c395.00
_a8172201451
035 _aB-209626
037 _bCen Lib/Ret
040 _aDPL
_bEN
082 _a303.925
_bBHU
100 _aBhure Lal
_986347
245 _aTerrorism inc. :
_cby Bhure Lal
_bthe lethal cocktail of isi, taliban & alqaida /
260 _aNew Delhi
_c2002
_bSiddharth Publications
270 _bNew Delhi
_aOkhla Industrial Area Phase 2
_e110020
300 _axii, 243p.
_c21cm(Hb)
500 _aIncludes bibliographical references and glossary
650 _aAristotelion diplomacy
_986348
650 _aTerrorism
_92076
942 _2ddc
_cEN
_h303.625
_mBHU
999 _c124116
_d124116